Rock Band 3 Game Setlist - Statistics

General Stats
  • This quiz has been taken 43 times
  • The average score is 38 of 83
Answer Stats
Song Title Artist % Correct
"Bohemian Rhapsody" Queen
100%
"Smoke on the Water" Deep Purple
89%
"Crazy Train" Ozzy Osbourne
89%
"Imagine" John Lennon
87%
"Free Bird" Lynyrd Skynyrd
87%
"Heart of Glass" Blondie
82%
"Space Oddity" David Bowie
79%
"I Love Rock N Roll" Joan Jett & The Blackhearts
79%
"Saturday Night's Alright for Fighting" Elton John
74%
"Everybody Wants to Rule the World" Tears for Fears
74%
"Good Vibrations" The Beach Boys
74%
"Rehab" Amy Winehouse
71%
"Rock Lobster" The B-52's
71%
"Here I Go Again" Whitesnake
71%
"The Beautiful People" Marilyn Manson
68%
"Don't Stand So Close to Me" The Police
68%
"Whip It" Devo
66%
"Du Hast" Rammstein
66%
"Rainbow in the Dark" Dio
63%
"Cold as Ice" Foreigner
63%
"I Got You (I Feel Good)" James Brown
61%
"No One Knows" Queens of the Stone Age
61%
"I Wanna Be Sedated" Ramones
61%
"Fly Like an Eagle" Steve Miller Band
61%
"Break on Through (To the Other Side)" The Doors
61%
"Walk of Life" Dire Straits
58%
"Plush" Stone Temple Pilots
58%
"25 or 6 to 4" Chicago
55%
"Before I Forget" Slipknot
55%
"Walking on the Sun" Smash Mouth
55%
"Centerfold" The J. Geils Band
55%
"I Can See for Miles" The Who
55%
"Radar Love" Golden Earring
53%
"The Power of Love" Huey Lewis & The News
53%
"In a Big Country" Big Country
50%
"Get Up, Stand Up" Bob Marley and the Wailers
50%
"Need You Tonight" INXS
50%
"Just Like Heaven" The Cure
50%
"Low Rider" WAR
50%
"Foolin'" Def Leppard
47%
"Misery Business" Paramore
47%
"Crosstown Traffic" The Jimi Hendrix Experience
47%
"Roundabout" Yes
47%
"Beast and the Harlot" Avenged Sevenfold
45%
"The Hardest Button to Button" The White Stripes
45%
"The Killing Moon" Echo & The Bunnymen
42%
"Been Caught Stealing" Jane's Addiction
42%
"The Look" Roxette
42%
"Caught in a Mosh" Anthrax
39%
"Jerry Was a Race Car Driver" Primus
39%
"I Need to Know" Tom Petty & The Heartbreakers
39%
"20th Century Boy" T. Rex
39%
"China Grove" The Doobie Brothers
37%
"Yoshimi Battles the Pink Robots Pt. 1" The Flaming Lips
37%
"Hey Man, Nice Shot" Filter
34%
"Midlife Crisis" Faith No More
32%
"Sister Christian" Night Ranger
32%
"Get Free" The Vines
32%
"Llama" Phish
29%
"Lasso" Phoenix
29%
"In the Meantime" Spacehog
29%
"Werewolves of London" Warren Zevon
26%
"Ome Armed Scissor" At the Drive-In
24%
"Combat Baby" Metric
24%
"The Con" Tegan and Sara
24%
"Dead End Friends" Them Crooked Vultures
24%
"Stop Me If You Think You've Heard This One Before" The Smiths
24%
"Humanoid" Tokio Hotel
24%
"King George" Dover
21%
"Me Enamora" Juanes
21%
"Antibodies" Poni Hoax
21%
"False Alarm" The Bronx
21%
"Outer Space" The Muffs
21%
"Killing Loneliness" HIM
18%
"Viva la Resistance" Hypernova
18%
"Donèt Bury Me.... I'm Still Not Dead" Riverboat Gamblers
18%
"Oye Mi Amor" Maná
16%
"Portions for Foxes" Rilo Kiley
16%
"Oh My God" Ida Maria
13%
"Living in America" The Sounds
13%
"Something Bigger, Something Brighter" Pretty Girls Make Graves
11%
"This Bastard's Life" Swingin' Utters
11%
"Last Dance" The Raveonettes
11%
No matching quizzes found
Score Distribution
Percent of People with Each Score
Percentile by Number Answered
Your Score History
You have not taken this quiz